Les principaux films de Louis de Funès - Statistiques

Statistiques générales
  • Ce quiz a été pris 3 167 fois
  • Le résultat moyen est 13 sur 26
Statistiques - réponses
Réponse % Correct
La grande vadrouille
91%
L'aile ou la cuisse
77%
La soupe aux choux
70%
Le corniaud
68%
Fantomas
63%
Le gendarme de Saint Tropez
63%
Rabbi Jacob
61%
La folie des grandeurs
60%
Le gendarme se marie
57%
Hibernatus
55%
Le gendarme et les gendarmettes
55%
Le grand restaurant
55%
Le gendarme à New York
53%
Oscar
52%
Le gendarme et les extra terrestres
51%
Le petit baigneur
51%
L'Avare
45%
La Zizanie
38%
La traversée de Paris
36%
Les grandes vacances
35%
Pouic Pouic
35%
Jo
33%
Le gendarme en balade
33%
Le Tatoué
31%
Fantomas contre Scotland Yard
28%
Fantomas se déchaine
27%
Aucun quiz correspondant
Distribution des résultats
% des personnes avec chaque résultat
Percentile par nombre de réponses
Votre historique - résultats
Vous n’avez pas pris ce quiz